[Event "Kaltern Trophy-B 2nd"]
[Site "Kaltern"]
[Date "2017.10.27"]
[Round "1"]
[White "Dejori, David"]
[Black "Licandro, Michele"]
[Result "1-0"]
[WhiteElo "1728"]
[BlackElo "1447"]
[PlyCount "49"]
[EventDate "2017.10.27"]
[EventType "swiss"]
[EventRounds "5"]
[EventCountry "ITA"]
[SourceTitle "CBM 181 Extra"]
[Source "ChessBase"]
[SourceDate "2017.12.12"]
[SourceVersion "1"]
[SourceVersionDate "2017.12.12"]
[SourceQuality "1"]

1. e4 c5 2. Nc3 d6 3. f4 Nc6 4. Nf3 Nf6 5. Bb5 a6 6. Bxc6+ bxc6 7. 0-0 Bg4 8. d3 d5 9. e5 Nd7 10. Kh1 h6 11. Qe1 e6 12. Qg3 Bf5 13. Nh4 Bh7 14. f5 g5 15. fxg6 fxg6 16. Bd2 Be7 17. Qf4 Rf8 18. Qxh6 Bxh4 19. Qxh7 Nxe5 20. Rxf8+ Kxf8 21. Qh8+ Kf7 22. Qxe5 Qf6 23. Qxf6+ Kxf6 24. g3 Bg5 25. Rf1+ 1-0